| 000 | 00923cam a2200265 4500500 | ||
|---|---|---|---|
| 005 | 20260405004058.0 | ||
| 041 | _afre | ||
| 042 | _adc | ||
| 100 | 1 | 0 |
_aLarmagnac-Matheron, Octave _eauthor |
| 245 | 0 | 0 | _aPhilippe-Joseph Salazar : “La politique, dans nos démocraties, se réduit beaucoup à des prestations de parole sans enjeu rhétorique réel” |
| 260 | _c2021. | ||
| 500 | _a21 | ||
| 690 | _aCommunication | ||
| 690 | _aDémocratie | ||
| 690 | _aDiscours | ||
| 690 | _aÉloquence | ||
| 690 | _aEmmanuel Macron | ||
| 690 | _aJean-Luc Mélenchon | ||
| 690 | _aOrateur | ||
| 690 | _aPhilippe-Joseph Salazar | ||
| 690 | _aRhétorique | ||
| 690 | _aStyle | ||
| 786 | 0 | _nPhilosophie magazine - Hors séries | Hors-série Autome-hiver 2021 | HS51 | 2021-10-01 | p. 7-8 | 2104-9246 | |
| 856 | 4 | 1 | _uhttps://shs.cairn.info/magazine-philosophie-magazine-2021-hs51-page-7?lang=fr&redirect-ssocas=7080 |
| 999 |
_c2073493 _d2073493 |
||